000 00778nam a2200253 i 4500
001 bgj
100 1 _aREINKING, James A.
245 1 0 _aStrategies for Successful Writing :
_ba rhetoric, reader, and handbook /
_cJames A. Reinking ; Andrew W. Hart.
260 _aEnglewood Cliffs, NJ :
_bPrentice Hall,
_cc. 1988.
300 _aXVIII, 621 pp :
_bfig. ;
_c24 cm.
505 _aIncludes index.
650 9 _aEnglish language
_xRhetorics
650 9 _aEnglish language
_xGrammar
650 9 _aReport writing
650 9 _aCollege readers
655 _aHandbooks, manuals, etc.
700 1 _aHART, Andrew W.
_eco-author
020 _a0138513392
040 _cBPK
041 _aeng
920 _a0-13-851339-2
942 _cKS
008 s uk f |000 0 eng
999 _c47623
_d47623
856 _uhttp://koha.tu.koszalin.pl/cgi-bin/koha/opac-detail.pl?biblionumber=47623
_yKatalog online BPK